00345cam a22001097a 4500008003600000082002100036100002100057245005400078260003100132300001300163650005900176180718b xxu||||| |||| 00| 0 eng d aA44x54 SU76/66-5 aGopalakrishnan,R aSupreme court encyclopaediacby R. Gopalakrishnan aNew DelhibSupreme Courtc avi, 412p aLaw reports, digests, etc. --India. [from old catalog]